Outline history of the English language (Record no. 9430)

MARC details
000 -LEADER
fixed length control field 00464cam a2200193ua 4500
001 - CONTROL NUMBER
control field 10453
005 - DATE AND TIME OF LATEST TRANSACTION
control field 20260515114626.0
008 - FIXED-LENGTH DATA ELEMENTS--GENERAL INFORMATION
fixed length control field 190225n ii |||gr||||Z||||||eng
020 ## - INTERNATIONAL STANDARD BOOK NUMBER
International Standard Book Number 9789351380931
040 ## - CATALOGING SOURCE
Transcribing agency MAIN
041 ## - LANGUAGE CODE
Language code of text/sound track or separate title eng
082 ## - DEWEY DECIMAL CLASSIFICATION NUMBER
Classification number 420
100 ## - MAIN ENTRY--PERSONAL NAME
Personal name Frederick T Wood,
Relator term Author.
245 ## - TITLE STATEMENT
Title Outline history of the English language
260 ## - PUBLICATION, DISTRIBUTION, ETC.
Place of publication, distribution, etc. New Delhi:
Name of publisher, distributor, etc. Trinity,
Date of publication, distribution, etc. 2017.
300 ## - PHYSICAL DESCRIPTION
Extent 230p.
653 ## - INDEX TERM--UNCONTROLLED
Uncontrolled term English & Old English
942 ## - ADDED ENTRY ELEMENTS (KOHA)
Koha item type Books
Holdings
Withdrawn status Lost status Damaged status Not for loan Home library Current library Shelving location Date acquired Total checkouts Full call number Barcode Date last seen Copy number Price effective from Koha item type
        Naharkatiya College Library Naharkatiya College Library General stacks 09/19/2020   420English language | WOO 24194 09/19/2020 1 09/19/2020 Books